Η ελληνική γλώσσα στη διευρυμένη Ευρωπαϊκή Ένωση : γλωσσικος πλουραλισμός και γλωσσοεθνοκεντρισμός : συνέδριο (3, 4 και 5 Φεβρουαρίου 1995) = La langue grecque dans l' Union europeenne elargie : plurilinguisme et ethnocentrisme linguistique : colloque (3, 4 et 5 fevrier 1995)
Αποθηκεύτηκε σε:
| Συλλογικό Έργο: | , |
|---|---|
| Μορφή: | Βιβλίο |
| Γλώσσα: | Greek |
| Δημοσίευση: |
Αθήνα :
Κέντρο Λογοτεχνικής Μετάφρασης,
1996.
|
| Θέματα: | |
| Ετικέτες: |
Προσθήκη ετικέτας
Δεν υπάρχουν, Καταχωρήστε ετικέτα πρώτοι!
|
MARC
| LEADER | 00000cam a2200000 a 4500 | ||
|---|---|---|---|
| 001 | 1/113251 | ||
| 008 | 170307s1996####gr | ||| |||| ||gre|| | ||
| 020 | |a 960847311X | ||
| 040 | |a GR-MyUa |b gre |c GR-MyUa |e AACR2 | ||
| 041 | 0 | |a gre | |
| 082 | 7 | |a 489.3 |2 (23) | |
| 245 | 1 | 2 | |a Η ελληνική γλώσσα στη διευρυμένη Ευρωπαϊκή Ένωση : |b γλωσσικος πλουραλισμός και γλωσσοεθνοκεντρισμός : συνέδριο (3, 4 και 5 Φεβρουαρίου 1995) = La langue grecque dans l' Union europeenne elargie : plurilinguisme et ethnocentrisme linguistique : colloque (3, 4 et 5 fevrier 1995) / |c Γαλλική Πρεσβεία στην Ελλάδα, Γαλλικό Ινστιτούτο Αθηνών & Περιοδικό ΑΝΤΙ. |
| 260 | |a Αθήνα : |b Κέντρο Λογοτεχνικής Μετάφρασης, |c 1996. | ||
| 300 | |a 522 σ. ; |c 24 εκ. | ||
| 650 | 0 | |a Greek language, Modern |z European Union countries. | |
| 710 | 1 | |a France. |b Ambassade (Greece) | |
| 710 | 2 | |a Γαλλικό Ινστιτούτο Αθηνών. | |
| 852 | |a INST |b LESVOS |e 20170307 |h 489.3 ΕΛΛ |p 005100058830 |q 005100058830 |t BK |y 0 | ||
| 970 | |a Τζαφέρη |b Ευαγγελία |z 07-03-2017 | ||